| 000 | 00897nam a2200277Ia 4500 | ||
|---|---|---|---|
| 001 | 30725335 | ||
| 003 | OCoLC | ||
| 005 | 20161014134533.0 | ||
| 008 | 940708s1993 nyua j 000 1 spa d | ||
| 020 | _a0590468685 | ||
| 020 | _a9780590291828 (Spanish pbk.) | ||
| 020 | _a0590291823 (NASTA) | ||
| 040 |
_aCS1 _cCS1 |
||
| 041 | 1 |
_aspa _heng |
|
| 100 | 1 | _aWilliams, Vera B. | |
| 240 | 0 | 0 |
_aThree days on a river in a red canoe. _lSpanish. |
| 245 | 1 | 0 |
_aTres das en una canoa roja / _cVera B. Williams. |
| 260 |
_aNew York : _bScholastic, _cc1993. |
||
| 300 |
_a32 p. : _bcol. ill. ; _c21 x 25 cm. |
||
| 500 | _aTranslation of: Three days on a river in a red canoe. | ||
| 500 | _a"Reading Rainbow"--Cover. | ||
| 520 | _aMother, Aunt Rosie, and two children make a three-day camping trip by canoe. | ||
| 650 | 0 |
_aCanoes and canoeing _vFiction. |
|
| 650 | 0 |
_aCamping _vFiction. |
|
| 942 | _cBK | ||
| 999 |
_c16311 _d16311 |
||